| 000 | 01092nam a2200301Ia 4500 | ||
|---|---|---|---|
| 001 | Para_9207 | ||
| 003 | CHAP | ||
| 005 | 20220818141633.0 | ||
| 008 | 220125s2006 xx 000 0 und d | ||
| 010 | _a207924 | ||
| 040 | _cCHAP | ||
| 090 | _aPA TESIS 2014 | ||
| 100 |
_aLópez Osorio, Eder _968195 |
||
| 245 |
_aCaracterización fenotípica de plántulas de jitomate criollo (Lycopersicon esculetum Mill.) en condiciones de invernadero en Chapingo, México / _c por Eder López Osorio |
||
| 260 |
_aChapingo, Méx. : _b el autor |
||
| 300 | _a23 h + Apénd. | ||
| 502 | _aTesis (Ing. Agr. Esp. en Parasitología Agrícola) -- UACh. Departamento Parasitología Agrícola | ||
| 650 |
_aTomate _x Anatomia y fisiología _9172244 |
||
| 650 |
_aTomate _x crecimiento _9113702 |
||
| 650 |
_aTomate _x variedades _9113777 |
||
| 710 |
_aUACh. Departamento Parasitología Agrícola _9164025 |
||
| 901 | _aPA TESIS 2014 | ||
| 902 | _aM | ||
| 905 | _a0000002006 nm 0000000000 00 | ||
| 910 | _a2006 | ||
| 942 |
_cPARA _2local |
||
| 942 |
_cPARA _2local |
||
| 999 |
_c207924 _d207924 |
||